000 00886nam a2200181 a 4500
008 120416s1983 ||||||||||||||||| || u
020 _a0070111634
050 _aTA 682.26
100 _aClark, John Eric
245 1 0 _aStructural concrete cost estimating
260 _aNew York
_bMcGraw-Hill
_c1983
300 _axii, 298p. : ill.
350 _a0.00
650 _aCONCRETE CONSTRUCTION--ESTIMATES
995 _aANNEX COLLECTION (Main Library)
_D0.00
_e713667
_FCBU-MAIN LIBRARY (Kitwe)
_H2
_I29.95
_jTA 682.26 Cla
_M1
_UAVAILABLE
_y013849
_ZAnnex Low-Usage Collection
995 _aANNEX COLLECTION (Main Library)
_D0.00
_e717733
_FCBU-MAIN LIBRARY (Kitwe)
_H3
_I29.95
_jTA 682.26 Cla
_M3
_UAVAILABLE
_y013851
_ZAnnex Low-Usage Collection
995 _aANNEX COLLECTION (Main Library)
_D0.00
_e717732
_FCBU-MAIN LIBRARY (Kitwe)
_H1
_I29.95
_jTA 682.26 Cla
_M2
_UAVAILABLE
_y013850
_ZAnnex Low-Usage Collection
999 _c76906
_d76906